Les meilleurs buteurs du Big Five sur la saison 2025-2026 (Football) - Statistiques

Statistiques générales
  • Ce quiz a été pris 68 fois
    3 depuis la dernière actualisation
  • Le résultat moyen est 28 sur 30
Statistiques - réponses
Rang Buts Club Joueur % Correct
- 21 AS Roma Donyell Malen
100%
3 37 Manchester City Erling Haaland
100%
- 21 Stade Rennais Esteban Lepaul
100%
- 19 AS Monaco Folarin Balogun
100%
1 58 Bayern Munich Harry Kane
100%
6 25 Brentford Igor Thiago
100%
- 21 Crystal Palace Ismaïla Sarr
100%
- 20 Chelsea João Pedro
100%
- 20 Strasbourg Joaquín Panichelli
100%
- 20 Atlético Madrid Julián Álvarez
100%
2 41 Real Madrid Kylian Mbappé
100%
8 24 FC Barcelone Lamine Yamal
100%
9 22 Inter Milan Lautaro Martínez
100%
- 26 Bayern Munich Luis Díaz
100%
4 26 Olympique de Marseille Mason Greenwood
100%
- 22 Bayern Munich Michael Olise
100%
- 18 Aston Villa Ollie Watkins
100%
26 19 Paris SG Ousmane Dembélé
100%
- 22 Bayer Leverkusen Patrik Schick
100%
15 21 FC Barcelone Raphinha
100%
- 22 Borussia Dortmund Sehrou Guirassy
100%
- 22 Majorque Vedat Muriqi
100%
- 21 Arsenal Viktor Gyökeres
100%
- 22 Real Madrid Vinicius Júnior
100%
21 20 Atlético Madrid Alexander Sørloth
67%
- 19 Osasuna Ante Budimir
67%
- 20 Manchester City Antoine Semenyo
67%
- 25 VfB Stuttgart Deniz Undav
67%
- 19 Paris SG Khvicha Kvaratskhelia
67%
- 21 FC Barcelone Ferran Torres
33%
Aucun quiz correspondant
Distribution des résultats
% des personnes avec chaque résultat
Percentile par nombre de réponses
Votre historique - résultats
Vous n’avez pas pris ce quiz depuis la dernière actualisation